| 000 | 00608nam a22002291c 4500 | ||
|---|---|---|---|
| 001 | a987692603 | ||
| 008 | 190923s2019 gw |||| 000u rus d | ||
| 020 |
_a9785906628022 _9978-5-906628-02-2 |
||
| 041 | _arus | ||
| 100 | 1 | _aVolkov, Leonid Pavlovič | |
| 245 | 0 | 0 | _aRazmyšlenija nad prošlym učastnika atomnogo proekta |
| 264 |
_aMoskva : _bDeržava, _c2019 |
||
| 300 | _a654 Seiten | ||
| 600 | 0 | _aVolkov, Leonid Pavlovič | |
| 650 | 0 | _aKernkraftwerk | |
| 650 | 0 | _aKernenergie | |
| 651 | 0 | _aSowjetunion | |
| 942 | _cMG | ||
| 040 | _cRU-10907106 | ||
| 003 | RU-10907106 | ||
| 999 |
_c29191 _d29191 |
||
| 490 | 0 | _aNauka v SSSR | |